Statistics for Musicals Described by AI

Click here to take the quiz!

General Stats

  • This quiz has been taken 160 times
  • The average score is 9 of 15

Answer Stats

DescriptionMusical% Correct
In a world where [location] has just been settled by settlers, there's a wicked witch.Wicked
85%
[character] has just graduated from an exclusive boarding school and is dating the school's star athlete, is dumped by him for being "too serious" and goes to Harvard Law School, where she proves her worth by defending the school's star professor.Legally Blonde
82%
The '60s. A tribe of hippies, tripping on the good vibrations of peace, love, and freedom, dance and sing through New York City. They protest war, celebrate sex, and revel in their hair, which they never cut off.Hair
81%
The story follows the trials of an overweight teenager, [character], to be accepted by the all-white cast of her local dance show.Hairspray
73%
It's the war and the Nazis are trying to kill everybody in Austria, especially the Jewish, but the [family name] family doesn't let the Nazis ruin their Christmas.
The Sound of Music
73%
A boy and a girl fall in love and then the summer is over and they're forced to go back to school and that's not cool so they break up. That's it.Grease
69%
The Baker's Wife is obsessed with having a baby and the Baker is obsessed with proving his masculinity and having a sonInto the Woods
69%
Poor but sexy struggling artists in Alphabet City, New York City, 1980s.RENT
67%
In the decadence of Berlin before the Nazis took power, the owner of the [location] hires the rising chanteuse [character] to save his nightclub's failing fortunes.Cabaret
54%
A group of [musical], each with a different name and personality, gather in a London alley for a night of storytelling.
Cats
49%
Imagine you're the pilot of an airplane whose engine stops working as you're flying over a small town in Newfoundland. It's 1983, and 16 American planes have been blown out of the sky by Soviet missiles.Come From Away
46%
So there's this dude called Alex and he's from the West Indies and he's trying to become a lawyer, and also he wants to get all the money and become president so he can have all the money and become a lawyer.Hamilton
44%
A poor poet who is in love with a princess goes looking for her when she runs away from home, and ends up in the city of the gods, which is run by the god of wealth.Hadestown
43%
The idea of the show is that it's a party where nothing is happening and the host, Bob, is trying to keep it going. He has to get up and say something so everyone will stay.Company
22%
The story of my family is also your story. I'm a lesbian. It took me a long time to realize I was a lesbian, which is funny, because now, I'm out, and it seems so obvious. And I don't mean that I'm a lesbian. I mean that everyone else is a lesbian.Fun Home
18%

Score Distribution

Percentile by Number Answered

Percent of People with Each Score

Your Score History

You have not taken this quiz